01330nam a2200229 a 450000100100000000500170001000800410002704000250006808200150009310000460010824500960015426000570025030000310030750000510033804900090038995201190039895202060051795201280072395201130085195201190096499900170108300002120520200930011249.0100902s2006 dr c 000 0 spa d aDO-SdBNPbspacBNPHU axxxbP328m1 aPaulino Polanco, José del Carmen94432810aMemorias y vivencias de un militar constitucionalista /cJosé del Carmen Paulino Polanco. aSan Pedro de Macorís :bImpresos de León,c2006. a152 p. :bretrs. ;c22 cm. aIncluye datos biográficos del autor [151 p.] aBNPD 0010718DSaGRbGRcHDd2011-04-19iLF1l0oxxx P328mp21205-30r2020-06-25te. 3w2020-06-25yLFDSZNo se presta 001054708DSaGRbGRcHDd2015-07-13iLF1l0oxxx P328mp21205-40r2020-06-25te. 4w2020-06-25yLFDSzPerteneció a la biblioteca personal de Chiqui Vicioso / Fidelio Despradel.ZPréstamo en sala 001054708DSaGRbGRcHDd2015-07-14iLF1l0oxxx P328mp21205-50r2020-06-25te. 5w2020-06-25yLFDSZPréstamo en sala 0010718PDaPDbPDcHDd2010-09-02iLF1l0oxxx P328mp21205-10r2020-06-25w2020-06-25yLFPDZNo se presta 0010718PDaPDbPDcHDd2011-04-19iLF1l0oxxx P328mp21205-20r2020-06-25te. 2w2020-06-25yLFPDZNo se presta c20706d20706